000 00815nam a2200253 a 4500
005 20200104041537.0
008 140307b2001 nq ||||| |||| 00| 0 spa d
040 _aCO-BoIAVH
_cCO-BoIAVH
041 _aspa
044 _anq
082 1 4 _a333.951607285
_bE82e
110 2 _aNicaragua
_bMinisterio del Ambiente y los Recursos Naturales
245 1 0 _aEstrategia nacional de biodiversidad Nicaragua
260 _aManagua:
_bMARENA,
_bPNUD,
_c2001.
300 _a99 páginas
650 1 _aEstrategias nacionales de biodiversidad
_zNicaragua
650 _aPlanificación ambiental
_zNicaragua
650 _aPlanes de acción
650 _aAreas protegidas
_zNicaragua
650 _aBiocomercio
651 _aNicaragua
662 _aNicaragua
942 _cLIBRO
_2ddc
999 _c2952
_d2952